000 00490nmm a2200169Ia 4500
008 251105s9999||||xx |||||||||||||||||und||
020 _a9788481693928
041 _aspa
100 _aBueno de la Fuente, Eloy
245 0 _a10 palabras clave en cristología
264 _a[Madrid, España] :
_bEditorial Verbo Divino,
_c2000
300 _a367 páginas
490 _a10 palabras clave
650 _aReligion(s)
856 _uhttps://public.digitaliapublishing.com/a/20685
942 _cCF
999 _c85889
_d85889